Loading...
Social Science | 4 | 3 | 0 | 0 | 90 | 39 | 72.43 | 4 | 7 |
Fine Arts - Auditory Fine Arts | 2 | 5 | 0 | 1 | 80 | 75 | 110.71 | 3 | 7 |
Geography | 1 | 4 | 1 | 2 | 50 | 75 | 127.40 | 3 | 5 |
Science - Other Science | 1 | 2 | 0 | 0 | 35 | 29 | 77.67 | 2 | 3 |
History - Ancient History | 1 | 1 | 0 | 0 | 25 | 47 | 72.50 | 2 | 2 |
Current Events | 0 | 2 | 0 | 0 | 20 | 104 | 115.00 | 0 | 2 |
Religion | 0 | 2 | 0 | 0 | 20 | 75 | 84.00 | 1 | 2 |
Literature - World Literature | 1 | 0 | 0 | 0 | 15 | 64 | 64.00 | 1 | 1 |
History - World History | 1 | 1 | 2 | 0 | 15 | 49 | 72.00 | 1 | 2 |
History - American History | 0 | 1 | 0 | 0 | 10 | 110 | 110.00 | 0 | 1 |
Science - Biology | 0 | 1 | 0 | 0 | 10 | 79 | 79.00 | 1 | 1 |
History - European History | 0 | 1 | 1 | 0 | 5 | 103 | 103.00 | 0 | 1 |